Quizzes
Events
Quiz Creation
Community
Videos
Private Events
Remove Ads
Sign In
Join for FREE
Feedback
Dark Mode
Quiz Categories
Sports
Geography
Music
Movies
Television
Just For Fun
Miscellaneous
History
Literature
Language
Science
Gaming
Entertainment
Religion
Holiday
For Kids
Quiz Lab
Recent
Popular Today
Quiz Kudos Today
Editor Picks
Curator Picks
Quizzes by...
Day
Popularity
Type
Ratings
Length
Year
Community
Subscriptions
Recent Discussions
Orange Saloon
Badges
Playlists
Quests
Create
Leaderboards
Showdown
Live 5
Trivia Bingo
Activity
Puzzle Library
Sporcle Events
Private Events
Virtual Trivia
Globe League
Become a Host
Pub Owners
SporcleCon
Opinionation
Our Games
Videos
Blog
Mobile Apps
Partnerships
Remove Ads and Go Orange
Feedback
Sports
Athletes
MLB
NBA
NHL
NFL
Soccer
Sports Teams
WWE
NCAA
Football
Premier League
Basketball
Baseball
Hockey
Golf
Tennis
Cricket
Rugby
Auto Racing
Olympics
World Cup
Sports
Athletes
MLB
NBA
NHL
NFL
Soccer
Sports Teams
WWE
NCAA
Football
Premier League
Basketball
Baseball
Hockey
Golf
Tennis
Cricket
Rugby
Auto Racing
Olympics
World Cup
Random Quiz
Search Sporcle
×
Quiz Lab
Quiz Lab
Sports
Football
Type in answers that appear in a list
Type in answers that appear in a list
Classic
Best Score? Go Orange.
Goal scorers in UEFA Champions League finals 2000-2022 Stats
Can you name the goal scorers in the UEFA Champions League finals between 2000-2019 ?
By
radu1204
6m
64 Questions
1,455 Plays
1,455 Plays
1,455 Plays
Comments
Comments
Give Quiz Kudos
Give Quiz Kudos
-
- Ratings
hide this ad
Replay
Link that replays current quiz
Next Quiz
Link to next quiz in quiz playlist
You Got
0%
They Got
Avg Score
54%
Avg Friend Score
Upgrade to see
Score Distribution
Jump to the score distribution portion of the page
Score
0/64
Timer
06:00
1
Play Today
Year and game
Goal-scorer
% Correct
2014: Real Madrid 4-
1 Atletico Madrid
Cristiano Ronaldo
97.5%
2017: Real Madrid 4-
1 Juventus
Cristiano Ronaldo
97.4%
2017: Real Madrid 4-
1 Juventus
Cristiano Ronaldo
97.4%
2009: Barcelona 2-
0 Manchester United
Lionel Messi
97.1%
2011: Barcelona 3-
1 Manchester United
Lionel Messi
97.1%
2008: Manchester United 1-
1 Chelsea
Cristiano Ronaldo
95.7%
2018: Real Madrid 3-
1 Liverpool
Gareth Bale
93.2%
2018: Real Madrid 3-
1 Liverpool
Gareth Bale
93.2%
2019: Liverpool 2-
0 Tottenham
Mohammed Salah
92.8%
2012: Bayern Munich 1-
1 Chelsea
Didier Drogba
92.7%
2014: Real Madrid 4-
1 Atletico Madrid
Gareth Bale
92.1%
2021: Chelsea 1-
0 Manchester City
Kai Havertz
91.4%
2023: Manchester City 1-
0 Internazionale
Rodri
91.1%
2005: AC Milan 3-
3 Liverpool
Steven Gerrard
90.9%
2022: Real Madrid 1-
0 Liverpool
Vinicius
89.5%
2018: Real Madrid 3-
1 Liverpool
Sadio Mane
89.1%
2018: Real Madrid 3-
1 Liverpool
Karim Benzema
88.6%
2014: Real Madrid 4-
1 Atletico Madrid
Sergio Ramos
88.5%
2013: Borussia Dortmund 1-
2 Bayern Munich
Arjen Robben
87.7%
2015: Barcelona 3-
1 Juventus
Neymar
86.9%
2011: Barcelona 3-
1 Manchester United
Wayne Rooney
86.8%
2015: Barcelona 3-
1 Juventus
Luis Suarez
86.7%
2016: Real Madrid 1-
1 Atletico Madrid
Sergio Ramos
86.2%
2006: Barcelona 2-
1 Arsenal
Samuel Eto'o
85.2%
2009: Barcelona 2-
0 Manchester United
Samuel Eto'o
85.2%
2002: Bayer Leverkusen 1-
2 Real Madrid
Zinedine Zidane
84.8%
2000: Real Madrid 3-
0 Valencia
Raul
84.1%
2002: Bayer Leverkusen 1-
2 Real Madrid
Raul
84.1%
2010: Bayern Munich 0-
2 Internazionale Milano
Diego Milito
82.8%
2010: Bayern Munich 0-
2 Internazionale Milano
Diego Milito
82.8%
2007: AC Milan 2-
1 Liverpool
Filippo Inzaghi
80.3%
2007: AC Milan 2-
1 Liverpool
Filippo Inzaghi
80.2%
Year and game
Goal-scorer
% Correct
2020: Bayern Munich 1-
0 Paris Saint-
Germain
Kingsley Coman
80%
2012: Bayern Munich 1-
1 Chelsea
Thomas Muller
79.7%
2008: Manchester United 1-
1 Chelsea
Frank Lampard
78.5%
2011: Barcelona 3-
1 Manchester United
David Villa
77.8%
2017: Real Madrid 4-
1 Juventus
Mario Mandzukic
77.5%
2005: AC Milan 3-
3 Liverpool
Xabi Alonso
76.7%
2011: Barcelona 3-
1 Manchester United
Pedro
75.8%
2005: AC Milan 3-
3 Liverpool
Paolo Maldini
73.6%
2019: Liverpool 2-
0 Tottenham
Divock Origi
73.1%
2005: AC Milan 3-
3 Liverpool
Hernan Crespo
72.3%
2013: Borussia Dortmund 1-
2 Bayern Munich
Mario Mandzukic
72.2%
2005: AC Milan 3-
3 Liverpool
Hernan Crespo
72.2%
2014: Real Madrid 4-
1 Atletico Madrid
Diego Godin
71.6%
2004: AS Monaco 0-
3 FC Porto
Deco
70.6%
2015: Barcelona 3-
1 Juventus
Ivan Rakitic
69.5%
2014: Real Madrid 4-
1 Atletico Madrid
Marcelo
65.8%
2006: Barcelona 2-
1 Arsenal
Sol Campbell
64.6%
2015: Barcelona 3-
1 Juventus
Alvaro Morata
64%
2005: AC Milan 3-
3 Liverpool
Vladimir Smicer
63%
2017: Real Madrid 4-
1 Juventus
Casemiro
60.5%
2000: Real Madrid 3-
0 Valencia
Fernando Morientes
60.1%
2007: AC Milan 2-
1 Liverpool
Dirk Kuyt
59.9%
2006: Barcelona 2-
1 Arsenal
Juliano Belletti
59.4%
2017: Real Madrid 4-
1 Juventus
Marco Asensio
55.7%
2013: Borussia Dortmund 1-
2 Bayern Munich
Ilkay Gundogan
55.5%
2000: Real Madrid 3-
0 Valencia
Steve McManaman
44.2%
2001: Bayern Munich 1-
1 Valencia
Gaizka Mendieta
39.4%
2001: Bayern Munich 1-
1 Valencia
Stefan Effenberg
37.7%
2002: Bayer Leverkusen 1-
2 Real Madrid
Lucio
37.4%
2004: AS Monaco 0-
3 FC Porto
Carlos Alberto
28.7%
2016: Real Madrid 1-
1 Atletico Madrid
Yannick Carrasco
28.6%
2004: AS Monaco 0-
3 FC Porto
Dmitri Alenichev
24.5%
Quiz Playlist
Details
Report
Send in Message
Add To Playlist
Classic:
Type in answers that appear in a list
Quiz Source
Last Updated: Aug 14, 2023
Quiz Scoreboard
CHALLENGE
Sign Up to Join the Scoreboard
Show All
Scores
Hide
Comments
May contain spoilers
Recently Published
NBA Finals Game Top Scorers (2010s)
by flibbidy
Sports
5m
Guess the 'R' Things in 3 Words
by MSUKent
Miscellaneous
3m
Actor to Badly Drawn Movie III
by MoMosMoProblems
Movies
5m
More to Explore
Quiz From the Vault
Featured Blog Post
Where Does Lost Luggage Go?
hide this ad
You Might Also Like...
Tags
Football Quiz
Soccer Quiz
Champions League
final
Final Winners
goal
Goal Scorers
Trophy Winners
UEFA Champions' League
Winner
Today's Top Quizzes in Sports
Browse Sports
hide this ad
Today's Top Quizzes in Football
Browse Football
Top Contributed Quizzes in Sports
1
Les joueurs à 100 buts en Ligue 1 Uber Eats
2
2022 World Cup Stars
3
2024 March Madness Bracket
4
Millionaire: NBA Finals Edition
5
Players with Multiple 50 Home Run Seasons
6
Nickname Match: Athletes VI
7
Criteria MLB: Left Handed Sluggers
8
Iconic Moments in Football - Multiple Choice
9
NFL MVPs ordered
10
First NBA MVP by Team
Explore More
Trending Topics
Anime
Harry Potter
Kpop
Marvel
NBA
Disney
Crossword
Song
Pokémon
The Office
NFL
Puzzle
Country
Soccer
WWE
hide this ad
More By:
radu1204
Quiz
Plays
Rating
Category
Featured
Created
Goal scorers in UEFA Champions League finals 2000-2022
1,455
4.00
Sports
May 5, 2012
Go to Creator's Profile
Score Distribution
Quiz Creator Spotlight
radu1204
Follow
Send a Message
Quizzes Created
-
Created Quiz Play Count
-
More By This Creator
Popular Quizzes Today
1
Find the US States - No Outlines Minefield
2
Find the US States
3
The Countries of the World
4
10 Largest US States in Order
5
Find the Countries of Europe - No Outlines Minefield
6
US States
7
Guess the 'R' Things in 3 Words
8
NBA Finals Game Top Scorers (2010s)
More Sports Quizzes
1990s Dallas Mavericks Top Scorers
Quiz Lab
Trending Quizzes
First Name TV: Leading Men
Match the Book to the Film II
3-Word Movies in 1 Word II
First Name TV: Leading Women Drama
Match the Book to the Film VI
Recently Updated
Women's Final Four Teams by Year
bhenderson79
Presidents Quartet II
eogle
Anything But Clue(do)
eogle
Anything But Oceanian Capitals
eogle
Anything But 7
eogle
Anything But Thing
eogle
Word Ladder: February 29
pecheneg
Song Title Questions
pecheneg
Women's NCAA Tournament #1 Seeds
pecheneg
Celebrity Mug Shots
pecheneg
Trending Topics
Marvel
Kpop
Disney
Harry Potter
Crossword
NBA
Anime
WWE
Country
Soccer
Song
The Office
Puzzle
NFL
Pokémon
Your Account Isn't Verified!
In order to create a playlist on Sporcle, you need to verify the email address you used during registration. Go to your
Sporcle Settings
to finish the process.
Report this User
Report this user for behavior that violates our
Community Guidelines
.
Details:
Send Report
Go to the Sporcle.com Mobile Site →
Comments